[Event "3. Bessunger Schachpokal"]
[Site "Schachforum Darmstadt"]
[Date "2015.10.23"]
[Round "2.3"]
[White "Tibke, Jonas"]
[Black "Seehaus, Bernhard"]
[Result "0-1"]
[WhiteElo "1867"]
[BlackElo "2015"]
[PlyCount "96"]
[EventDate "2015.??.??"]
[WhiteTeam " "]
[BlackTeam " "]

1. e4 c5 2. c3 Nf6 3. e5 Nd5 4. d4 cxd4 5. cxd4 e6 6. Nc3 Nc6 7. Nf3 Nxc3 8.
bxc3 d6 9. Bb5 Bd7 10. Qb3 dxe5 11. Bxc6 Bxc6 12. Nxe5 Qd5 13. f3 Bd6 14. Nxc6
bxc6 15. Ba3 Bxa3 16. Qxa3 c5 17. O-O O-O 18. Rad1 cxd4 19. Rxd4 Qe5 20. Rfd1
g6 21. c4 Rfc8 22. Kh1 a5 23. Qe7 Qc5 24. Rd8+ Rxd8 25. Rxd8+ Rxd8 26. Qxd8+
Kg7 27. Qd3 a4 28. a3 e5 29. h3 Qd4 30. Qe2 f6 31. Kh2 Qc3 32. f4 exf4 33. Qe7+
Kh6 34. Qf8+ Kg5 35. Qc5+ Qe5 36. Qb5 f3+ 37. Kg1 Kf4 38. g3+ Ke4 39. Qc6+ Ke3
40. Qb6+ Qd4 41. Qb1 f2+ 42. Kh2 f5 43. Qf1 f4 44. gxf4 Qxf4+ 45. Kg2 Qf3+ 46.
Kh2 Qe2 47. Qc1+ Qd2 48. Qf1 Qe1 0-1

[Event "3. Bessunger Schachpokal"]
[Site "Schachforum Darmstadt"]
[Date "2015.10.23"]
[Round "2.2"]
[White "Karimi, Farhad"]
[Black "Nothnagel, Marian Can"]
[Result "1/2-1/2"]
[WhiteElo "2029"]
[BlackElo "1994"]
[PlyCount "45"]
[EventDate "2015.??.??"]
[WhiteTeam " "]
[BlackTeam " "]

1. d4 Nf6 2. c4 e5 3. dxe5 Ng4 4. Nf3 Nc6 5. e4 Bc5 6. Bg5 Bxf2+ 7. Ke2 f6 8.
exf6 gxf6 9. h3 fxg5 10. hxg4 Bb6 11. Qd5 d6 12. Rxh7 Qf6 13. Qxg5 Qxg5 14.
Rxh8+ Ke7 15. Rh7+ Kf6 16. Nxg5 Kxg5 17. Nc3 Bxg4+ 18. Kd2 Kg6 19. Rh4 Kg5 20.
Rxg4+ Kxg4 21. Be2+ Kg3 22. Bf3 Ne5 23. b3 1/2-1/2

[Event "3. Bessunger Schachpokal"]
[Site "Schachforum Darmstadt"]
[Date "2015.10.23"]
[Round "2.1"]
[White "Wiewesiek, Timo"]
[Black "Gramlich, Sebastian"]
[Result "1/2-1/2"]
[WhiteElo "1910"]
[BlackElo "2154"]
[PlyCount "106"]
[EventDate "2015.??.??"]

1. d4 d5 2. Bf4 Nc6 3. e3 Nf6 4. c3 a6 5. Bd3 g6 6. h3 Bg7 7. Nf3 O-O 8. O-O
Re8 9. Nbd2 Nd7 10. e4 e5 11. exd5 Ne7 12. Bg5 exd4 13. c4 Nc5 14. Ne4 Nxe4 15.
Bxe4 Qd6 16. Re1 c5 17. Qd2 Bd7 18. Bd3 f6 19. Bf4 Qb6 20. Re2 Nf5 21. Rae1 Kf7
22. g4 Nd6 23. Kg2 Rxe2 24. Rxe2 Rh8 25. Qe1 Re8 26. Rxe8 Nxe8 27. b3 Bf8 28.
g5 Bd6 29. gxf6 Kxf6 30. Bh6 Kf7 31. Ne5+ Bxe5 32. Qxe5 Qf6 33. Qg3 Bf5 34. Bg5
Qd6 35. Bf4 Qd7 36. Be5 Bxd3 37. Qxd3 Nd6 38. Bxd6 Qxd6 39. Qf3+ Kg7 40. Qe4
Kf7 41. Qf3+ Qf6 42. Qxf6+ Kxf6 43. f4 Kf5 44. Kf3 b5 45. a3 h6 46. h4 Kf6 47.
Ke4 bxc4 48. bxc4 Ke7 49. Kd3 Kf7 50. Ke4 Kf6 51. Kd3 Kf5 52. Kd2 a5 53. a4 Kf6
1/2-1/2

[Event "3. Bessunger Schachpokal"]
[Site "Schachforum Darmstadt"]
[Date "2015.10.15"]
[Round "1.8"]
[White "Wiencken, Marcus"]
[Black "Tibke, Jonas"]
[Result "0-1"]
[WhiteElo "1014"]
[BlackElo "1867"]
[PlyCount "42"]
[EventDate "2015.??.??"]
[WhiteTeam "  "]
[BlackTeam " "]

1. e4 c6 2. Nf3 d5 3. exd5 cxd5 4. d4 Nc6 5. c3 Nf6 6. Bd3 Bg4 7. O-O Qb6 8.
Be3 Qxb2 9. Nbd2 Qxc3 10. Nb3 Bxf3 11. gxf3 e6 12. Rc1 Qb4 13. Bd2 Qb6 14. Qe1
Ba3 15. Rb1 O-O 16. Nc5 Nxd4 17. Kg2 Qxc5 18. Rxb7 Qc8 19. Rb1 e5 20. Qxe5 Nxf3
21. Kxf3 Qg4+ 0-1

[Event "3. Bessunger Schachpokal"]
[Site "Schachforum Darmstadt"]
[Date "2015.10.15"]
[Round "1.7"]
[White "Pauli, Walter"]
[Black "Wiewesiek, Timo"]
[Result "0-1"]
[WhiteElo "1502"]
[BlackElo "1910"]
[PlyCount "76"]
[EventDate "2015.??.??"]
[WhiteTeam " "]
[BlackTeam " "]

1. e4 c6 2. d4 d5 3. Nc3 dxe4 4. Nxe4 Nd7 5. Nf3 Ngf6 6. Ng3 e6 7. Be3 Bd6 8.
Bd3 Qc7 9. Ne2 b6 10. h3 Bb7 11. Nd2 O-O 12. Ne4 Nxe4 13. Bxe4 Nf6 14. Bf3 Rac8
15. Qd2 Rfd8 16. O-O c5 17. Bxb7 Qxb7 18. Qc1 Nd5 19. Bd2 Bb8 20. c3 Qc7 21. g3
cxd4 22. Nxd4 Qe5 23. Kg2 h5 24. Re1 Qc7 25. h4 Qb7 26. Kh3 Nf6 27. Qd1 Ng4 28.
Qe2 Rd7 29. f3 Nf6 30. Rad1 Nd5 31. Qe4 Qc7 32. f4 Nf6 33. Qe2 Rcd8 34. Nf3 Qc6
35. Ne5 Bxe5 36. fxe5 Ng4 37. Bf4 Rxd1 38. Rxd1 Rxd1 0-1

[Event "3. Bessunger Schachpokal"]
[Site "Schachforum Darmstadt"]
[Date "2015.10.15"]
[Round "1.6"]
[White "Leck, Jakob"]
[Black "Brockmann, Marcus"]
[Result "1-0"]
[WhiteElo "1919"]
[BlackElo "1395"]
[PlyCount "49"]
[EventDate "2015.??.??"]
[WhiteTeam " "]
[BlackTeam " "]

1. e4 e5 2. Nf3 Nc6 3. d4 exd4 4. Nxd4 Bc5 5. Be3 Qf6 6. Nb5 Bxe3 7. fxe3 Qh4+
8. g3 Qxe4 9. Nxc7+ Kd8 10. Nxa8 Qxh1 11. Qg4 Qg1 12. Qf4 Nge7 13. Nd2 Qxh2 14.
O-O-O Nd5 15. Qg5+ f6 16. Qxd5 Qxg3 17. Nc4 Qb8 18. Bh3 Ne7 19. Qa5+ b6 20.
Naxb6 axb6 21. Nxb6 Nc6 22. Qb5 Qe5 23. Qxc6 Qxe3+ 24. Kb1 Ke7 25. Nxc8+ 1-0

[Event "3. Bessunger Schachpokal"]
[Site "Schachforum Darmstadt"]
[Date "2015.10.15"]
[Round "1.5"]
[White "Nothnagel, Marian Can"]
[Black "Tampe, Alexander"]
[Result "1-0"]
[WhiteElo "1994"]
[BlackElo "1512"]
[PlyCount "55"]
[EventDate "2015.??.??"]

1. e4 e5 2. Nf3 Nc6 3. Bc4 Bc5 4. b4 Bxb4 5. c3 Ba5 6. d4 exd4 7. O-O dxc3 8.
Qb3 Qe7 9. Nxc3 Bxc3 10. Qxc3 Qf6 11. e5 Qf5 12. Ng5 Nh6 13. e6 dxe6 14. Qxg7
Rg8 15. Qxh6 Ne5 16. Be2 Bd7 17. Qxh7 Qxh7 18. Nxh7 O-O-O 19. Nf6 Rg6 20. Nxd7
Rxd7 21. Bf4 Nc6 22. Rad1 e5 23. Be3 Rgd6 24. Bg4 Rxd1 25. Rxd1 Nb4 26. Bxd7+
Kd8 27. Bg5+ f6 28. Bxf6# 1-0

[Event "3. Bessunger Schachpokal"]
[Site "Schachforum Darmstadt"]
[Date "2015.10.15"]
[Round "1.4"]
[White "Hartmann, Marc Holger"]
[Black "Nies, Peter"]
[Result "0-1"]
[WhiteElo "1660"]
[BlackElo "2013"]
[PlyCount "70"]
[EventDate "2015.??.??"]
[WhiteTeam "Schachforum Darmstadt 1994"]
[BlackTeam "SK 1980 Gernsheim"]

1. e4 e6 2. Nf3 d5 3. e5 c5 4. b4 b6 5. b5 a6 6. Bb2 axb5 7. Bxb5+ Bd7 8. a4
Ne7 9. O-O Nf5 10. c3 Be7 11. d4 O-O 12. Nbd2 Qe8 13. Qe2 Bxb5 14. axb5 Rxa1
15. Bxa1 Qd7 16. Rb1 c4 17. Nf1 Qb7 18. Ng3 Nxg3 19. hxg3 Nd7 20. Rb2 Ra8 21.
Ra2 Ra5 22. Rxa5 bxa5 23. Qb2 a4 24. Ne1 a3 25. Qb1 Qa7 26. Nc2 Qa4 27. Kf1 Qb3
28. Qc1 Nb6 29. Ke2 Na4 30. Kd2 h6 31. f4 Kf8 32. g4 Ke8 33. g3 Kd7 34. f5 Bg5+
35. Ne3 Qa2+ 0-1

[Event "3. Bessunger Schachpokal"]
[Site "Schachforum Darmstadt"]
[Date "2015.10.15"]
[Round "1.3"]
[White "Seehaus, Bernhard"]
[Black "Walther, Eberhard"]
[Result "1-0"]
[WhiteElo "2015"]
[BlackElo "1749"]
[PlyCount "93"]
[EventDate "2015.??.??"]
[WhiteTeam " "]
[BlackTeam " "]

1. d3 d5 2. c3 c5 3. e4 Nc6 4. Be2 d4 5. Nf3 e5 6. O-O h6 7. Nbd2 Bd6 8. Nc4
Bc7 9. a4 Nf6 10. cxd4 cxd4 11. Bd2 O-O 12. b4 Be6 13. Qc2 Rc8 14. Rfc1 Bb8 15.
b5 Ne7 16. Bb4 Re8 17. Nfd2 Ng6 18. Qb2 Nf4 19. Bf1 Bg4 20. f3 Be6 21. Na5 Qd7
22. Ndb3 Rxc1 23. Rxc1 Rc8 24. Rc5 Bxb3 25. Rxc8+ Qxc8 26. Nxb3 b6 27. Qc1 Qd7
28. Qc4 Bd6 29. Nd2 Bxb4 30. Qxb4 Qc7 31. Nc4 Ne6 32. Kf2 Nc5 33. Ke2 Nfd7 34.
g3 f6 35. Bh3 Nf8 36. a5 Kh7 37. axb6 axb6 38. Qa3 Nfd7 39. Bf5+ g6 40. Bxd7
Qxd7 41. Nxb6 Qxb5 42. Nd5 g5 43. Nxf6+ Kg6 44. Ng4 Ne6 45. Qa2 Ng7 46. Qc2 h5
47. Qc6+ 1-0

[Event "3. Bessunger Schachpokal"]
[Site "Schachforum Darmstadt"]
[Date "2015.10.15"]
[Round "1.2"]
[White "Lukas, Anne"]
[Black "Karimi, Farhad"]
[Result "0-1"]
[WhiteElo "1752"]
[BlackElo "2029"]
[PlyCount "80"]
[EventDate "2015.??.??"]
[WhiteTeam " "]
[BlackTeam " "]

1. d4 Nf6 2. c4 c5 3. d5 b5 4. cxb5 a6 5. b6 d6 6. Nc3 g6 7. e4 Bg7 8. Nf3 O-O
9. Be2 Nfd7 10. O-O Nxb6 11. Rb1 N8d7 12. Bg5 h6 13. Bh4 Bb7 14. Qd2 a5 15. b3
a4 16. b4 Rc8 17. Nb5 Qe8 18. bxc5 Rxc5 19. Nfd4 Nc4 20. Bxc4 Rxc4 21. Rfc1
Rxc1+ 22. Qxc1 Nc5 23. Qe3 Qd7 24. Bg3 Rb8 25. Nc3 Rd8 26. Bh4 Rc8 27. f3 Ba6
28. Nc6 g5 29. Bf2 Bd3 30. Rc1 Ba6 31. Rb1 Nd3 32. Nxa4 Rxc6 33. dxc6 Qxc6 34.
Nb6 Qc2 35. Rf1 Nf4 36. Re1 Bc3 37. Nd5 Bxe1 38. Qxe1 Nd3 39. Qe3 Nxf2 40. Qxf2
Qd1+ 0-1

[Event "3. Bessunger Schachpokal"]
[Site "Schachforum Darmstadt"]
[Date "2015.10.15"]
[Round "1.1"]
[White "Gramlich, Sebastian"]
[Black "Cors, Heinz-Friedrich"]
[Result "1-0"]
[WhiteElo "2154"]
[BlackElo "1826"]
[PlyCount "58"]
[EventDate "2015.??.??"]
[WhiteTeam " "]
[BlackTeam " "]

1. e4 c6 2. b3 d5 3. Bb2 Nf6 4. e5 Ne4 5. f3 Nc5 6. f4 e6 7. Nf3 Ncd7 8. c4 b6
9. Nc3 Bb7 10. d4 Bb4 11. cxd5 cxd5 12. Bd3 Ba6 13. O-O Bxd3 14. Qxd3 a6 15.
Ne2 Ra7 16. f5 O-O 17. Nf4 exf5 18. Nxd5 Nc6 19. Rac1 Ndb8 20. Nxb4 Nxb4 21.
Qxf5 Nd5 22. Ng5 g6 23. Qg4 Ne3 24. Qh4 f5 25. Rf3 Nd5 26. Rh3 h5 27. Ne6 Qxh4
28. Rxh4 Re8 29. Nf4 Kg7 1-0